000 00575nam a22002297a 4500
003 UA-OsUOA
001 47782
007 ta
008 20070820b un ||||| |||| 00| 0 ukr d
100 _aШифман И.Ш.
090 _a22.046
_bШ65
942 _cBK
040 _aUA-OsUOA
_brus
_cUA-OsUOA
_dUA-OsUOA
245 _aВетхий завет и его мир
300 _a239 с.
955 _a1
041 _arus
080 _a22.046
260 _aМ.
_bПолитиздат
_c1987
650 7 _a22 Біблія. Святе писання
_2UDC
999 _c333890
_d333890